Comentr̀ios ao Novo CPC e sua Aplicaȯ̂ ao Processo do Trabalho

Detalles Bibliográficos
Autor principal: Ribeiro de Oliveira Silva, Jos ̌Antn̥io
Formato: Libro
Lenguaje:portugués
Publicado: Brasil LTR 2016
Materias:
Acceso en línea:Acceso restringido

MARC

LEADER 00000nam a22000007a 4500
005 20160510140149.0
007 cr|||| ||u|
008 160510s2016 bl ||||| |||| 00||0 por d
020 |a 978-85-361-8755-6 
035 |a 14203 
040 |a vLex  
090 |c 6068  |d 6068 
100 1 |a Ribeiro de Oliveira Silva, Jos ̌Antn̥io  
245 1 0 |a Comentr̀ios ao Novo CPC e sua Aplicaȯ̂ ao Processo do Trabalho  |h [Recurso electrn̤ico] /  
256 |a Servicio en ln̕ea  
260 |a Brasil  |b LTR  |c 2016 
300 |a 1 recurso electrn̤ico (Volume 1. Parte Geral. 336 Pg̀inas).  
500 |a Atualizado conforme a Lei n. 13.256/2016.  
506 1 |a Contenido solo disponible en los productos indicados  |d vLex Global  |d vLex Global (Academic Edition, excluding Law Schools)  |d vLex Global (U.S. Academic Edition, Law Schools)  |d vLex Global (U.S. Academic Edition, excluding Law Schools)  |d vLex Global (Academic Edition, Law Schools) 
650 0 4 |a Trabajo  |z Brasil  
740 0 |a vLex libros (servicio en ln̕ea)  
856 4 0 |u http://vlex.com/source/comentarios-novo-cpc-aplica-o-processo-trabalho-14203  |z Acceso restringido  
942 |c BOOK 
999 0 |a Work  |b Brasil